| 000 | 00407nam a2200145Ia 4500 | ||
|---|---|---|---|
| 008 | 230312s9999||||xx |||||||||||||| ||und|| | ||
| 082 |
_a005.13 _bSEB-C |
||
| 100 | _aSebesta, Robert W. | ||
| 245 | 0 | _aConcepts of programming languages | |
| 260 | _bPE | ||
| 300 | _a670 | ||
| 546 | _aEng. | ||
| 650 |
_aComputer _vEvolution of the major programing languages, Statement level control structures, |
||
| 942 | _cBK | ||
| 999 |
_c3159 _d3159 |
||